000 00645nam a2200217Ia 4500
003 OSt
005 20220918192126.0
006 a|||||r|||| 00| 0
007 ta
008 220917b |||||||| |||| 00| 0 eng d
024 _a67,100
037 _cTextual
040 _aARTS
_cARTS
_beng
041 _2eng
_aeng
082 _aR3xL7:g, L1
100 _aBuckley Michael J
_978393
245 0 _aMotion and motion's God
_b thematic variations in Aristotle , Cicero , Newton and Hegel
260 _aPrinceton
_bPrinceton University Press
_c1971
942 _hR3xL7:g, L1
_cTEXL
_2CC
999 _c193333
_d193333